The aids booklet /

Bibliografski detalji
Glavni autor: Cox, Frank D.
Format: Knjiga
Jezik:English
Izdano: Dubuque, IA : WCB/McGraw-Hill Companies, c1999.
Izdanje:Fifth edition.
Teme:
Classic Catalogue: View this record in Classic Catalogue
LEADER 01021nam a2200277 a 4500
001 1201778
003 BD-DhAAL
008 091006s1999 iaua b 000 0 eng d
010 |a  98085105  
020 |a 0697294277 
040 |a DLC  |c DLC  |d BD-DhAAL 
082 0 0 |a 362.1/969792  |2 21 
100 1 |a Cox, Frank D.  |9 59263 
245 1 4 |a The aids booklet /  |c Frank D. Cox. 
250 |a Fifth edition. 
260 |a Dubuque, IA :  |b WCB/McGraw-Hill Companies,  |c c1999. 
300 |a xiii, 70 pages :  |b illustrations ;  |c 23 cm. 
504 |a Includes bibliographical references (p. 67). 
541 1 |e 00012504 
650 0 |a AIDS (Disease) 
650 0 |a AIDS (Disease)  |z United States.  |9 59264 
650 0 |a AIDS (Disease)  |x Prevention.  |9 57996 
852 4 |a Ayesha Abed Library   |j General Shelf. 
942 |2 ddc  |c BK 
999 |c 4276  |d 4276 
952 |0 0  |1 0  |2 ddc  |4 0  |6 362_196979200000000_COX  |7 0  |9 3945  |a BRACUL  |b BRACUL  |c GEN  |d 2009-10-06  |g 0.00  |l 0  |o 362.1969792 COX  |p 3010012504  |r 2009-10-06  |t 1  |w 2009-10-06  |y BK  |x No price found in the accession register.